[Event "Titled Tuesday intern op 25th Feb Early"]
[Site "Chess.com INT"]
[Date "2025.02.25"]
[Round "10"]
[White "Nikhil, M."]
[Black "Shapiro, Viktor"]
[Result "1/2-1/2"]
[WhiteElo "2261"]
[BlackElo "2074"]
[PlyCount "139"]
[EventDate "2025.02.25"]
[EventType "swiss (blitz)"]
[EventRounds "11"]
[EventCountry "USA"]
[SourceTitle "CB10_2025"]
[SourceDate "2025.03.05"]
[SourceVersion "1"]
[SourceVersionDate "2025.03.05"]
[SourceQuality "1"]

1. c4 Nf6 2. g3 c5 3. Bg2 Nc6 4. Nc3 d6 5. e4 Bd7 6. Nge2 a6 7. 0-0 Rb8 8. a4 e6 9. f4 Be7 10. d4 cxd4 11. Nxd4 Qc7 12. Be3 0-0 13. Rc1 Nxd4 14. Qxd4 Rfc8 15. b3 Bc6 16. Rfd1 e5 17. Qb6 Qxb6 18. Bxb6 Nd7 19. Be3 Bf8 20. Bh3 f6 21. Nd5 Kf7 22. Bxd7 Bxd7 23. Nb6 Rd8 24. Nxd7 Rxd7 25. f5 Ke8 26. Rd5 Rc8 27. Rcd1 Rcc7 28. Bb6 Rc6 29. a5 Rf7 30. Kf2 g6 31. g4 gxf5 32. gxf5 Rg7 33. Kf3 h5 34. c5 dxc5 35. Rd8+ Kf7 36. R1d7+ Kg8 37. Rxg7+ Kxg7 38. Rd7+ Kh6 39. Rxb7 Kg5 40. Rc7 Rd6 41. Bxc5 Rd3+ 42. Ke2 Rd8 43. Bxf8 Rxf8 44. Rc6 Rb8 45. Rb6 Ra8 46. Kf3 Rc8 47. h4+ Kxh4 48. Rxf6 Rc3+ 49. Ke2 Rxb3 50. Re6 Kg5 51. Rxe5 Kf4 52. Re8 Rb2+ 53. Kd1 h4 54. f6 Rb7 55. Rf8 Kxe4 56. f7 Kf4 57. Kd2 h3 58. Kc3 h2 59. Rh8 Rxf7 60. Rxh2 Rf5 61. Rf2+ Ke4 62. Rxf5 Kxf5 63. Kd4 Ke6 64. Kc5 Kd7 65. Kb6 Kc8 66. Kxa6 Kb8 67. Kb6 Ka8 68. a6 Kb8 69. a7+ Ka8 70. Ka6 1/2-1/2

[Event "Titled Tuesday intern op 11th Feb Early"]
[Site "Chess.com INT"]
[Date "2025.02.11"]
[Round "4"]
[White "Dreelinck, Jacob"]
[Black "Shapiro, Viktor"]
[Result "0-1"]
[WhiteElo "2220"]
[BlackElo "2074"]
[PlyCount "56"]
[EventDate "2025.02.11"]
[EventType "swiss (blitz)"]
[EventRounds "11"]
[EventCountry "USA"]
[SourceTitle "CB08_2025"]
[SourceDate "2025.02.19"]
[SourceVersion "1"]
[SourceVersionDate "2025.02.19"]
[SourceQuality "1"]

1. e4 Nf6 2. e5 Nd5 3. d4 d6 4. Nf3 Bg4 5. Be2 e6 6. Nbd2 Nf4 7. h3 Bh5 8. Bb5+ c6 9. Bf1 dxe5 10. dxe5 Nd7 11. Ne4 Nd5 12. c4 Bxf3 13. gxf3 N5b6 14. Bg5 Bb4+ 15. Ke2 f6 16. exf6 gxf6 17. Bxf6 Nxf6 18. Qxd8+ Rxd8 19. Nxf6+ Kf7 20. Ne4 Nxc4 21. a3 Be7 22. b4 Ne5 23. h4 Ng6 24. h5 Nf4+ 25. Ke3 Nd5+ 26. Ke2 e5 27. Bh3 Nf4+ 28. Ke3 Rd3# 0-1

[Event "Titled Tuesday intern op 11th Feb Early"]
[Site "Chess.com INT"]
[Date "2025.02.11"]
[Round "8"]
[White "Shapiro, Viktor"]
[Black "Gelman, Alexander"]
[Result "0-1"]
[WhiteElo "2074"]
[BlackElo "2403"]
[PlyCount "80"]
[EventDate "2025.02.11"]
[EventType "swiss (blitz)"]
[EventRounds "11"]
[EventCountry "USA"]
[SourceTitle "CB08_2025"]
[SourceDate "2025.02.19"]
[SourceVersion "1"]
[SourceVersionDate "2025.02.19"]
[SourceQuality "1"]

1. c4 c5 2. g3 Nf6 3. Bg2 e6 4. Nf3 Be7 5. 0-0 0-0 6. d4 cxd4 7. Nxd4 d6 8. Nc3 a6 9. b3 Qc7 10. Bb2 Nbd7 11. Rc1 Ne5 12. h3 Bd7 13. f4 Ng6 14. e4 Rac8 15. Kh2 Qb8 16. Nce2 Rfe8 17. Qd3 b5 18. cxb5 axb5 19. f5 Ne5 20. Qd2 h6 21. fxe6 fxe6 22. Nf4 Bd8 23. Rxc8 Qxc8 24. Qb4 Qa6 25. a3 Ba5 26. Bc3 Bxb4 27. Bxb4 Nf7 28. Ng6 Qb6 29. Nf3 Qe3 30. Nfh4 Nxe4 31. Rf3 Qe2 32. Nf4 Qc2 33. Nh5 Nfg5 34. Re3 Qf2 35. Rd3 Bc6 36. Nf4 Nxg3 37. Rxg3 Qxf4 38. Ng6 Qf2 39. Bxd6 Nf3+ 40. Rxf3 Bxf3 0-1

[Event "Titled Tuesday intern op 11th Feb Early"]
[Site "Chess.com INT"]
[Date "2025.02.11"]
[Round "1"]
[White "Svane, Rasmus"]
[Black "Shapiro, Viktor"]
[Result "1-0"]
[WhiteElo "2621"]
[BlackElo "2074"]
[PlyCount "69"]
[EventDate "2025.02.11"]
[EventType "swiss (blitz)"]
[EventRounds "11"]
[EventCountry "USA"]
[SourceTitle "CB08_2025"]
[SourceDate "2025.02.19"]
[SourceVersion "1"]
[SourceVersionDate "2025.02.19"]
[SourceQuality "1"]

1. e4 Nf6 2. e5 Nd5 3. d4 d6 4. Nf3 Bg4 5. Be2 e6 6. 0-0 Be7 7. exd6 cxd6 8. h3 Bh5 9. c4 Nb6 10. Be3 0-0 11. Nc3 d5 12. c5 Bxf3 13. Bxf3 Nc8 14. b4 Nc6 15. Qa4 Bf6 16. b5 Na5 17. Be2 b6 18. Rac1 Ne7 19. g4 g5 20. Qc2 Ng6 21. a4 Rc8 22. c6 Qd6 23. Bd3 Kg7 24. Ne2 Rh8 25. Ng3 Be7 26. Rb1 Nf4 27. Bxf4 gxf4 28. Nh5+ Kf8 29. f3 e5 30. dxe5 Qxe5 31. Rfe1 Qd4+ 32. Kg2 Bc5 33. Rbd1 Rg8 34. Bf5 Rc7 35. Rxd4 1-0

[Event "Titled Tuesday intern op 04th Feb Early"]
[Site "Chess.com INT"]
[Date "2025.02.04"]
[Round "1"]
[White "Masruri, Rahman"]
[Black "Shapiro, Viktor"]
[Result "1-0"]
[WhiteElo "2327"]
[BlackElo "2074"]
[PlyCount "101"]
[EventDate "2025.02.04"]
[EventType "swiss (blitz)"]
[EventRounds "11"]
[EventCountry "USA"]
[SourceTitle "CB07_2025"]
[SourceDate "2025.02.12"]
[SourceVersion "1"]
[SourceVersionDate "2025.02.12"]
[SourceQuality "1"]

1. d4 Nf6 2. Bf4 c5 3. e3 e6 4. Nd2 d5 5. Ngf3 Nc6 6. c3 Bd6 7. Bg3 0-0 8. Bd3 b6 9. e4 dxe4 10. Nxe4 Be7 11. Nxf6+ Bxf6 12. Be4 Bb7 13. dxc5 bxc5 14. Bd6 Re8 15. Bxc5 Qa5 16. Be3 Red8 17. Qc2 Nb4 18. Bxh7+ Kh8 19. cxb4 Qxb4+ 20. Bd2 Qb5 21. Be4 Rac8 22. Qb1 Ba6 23. Qd1 Bxb2 24. Ng5 Kg8 25. Qh5 Qd7 26. Qh7+ Kf8 27. Bb4+ Qd6 28. Bxd6+ Rxd6 29. Qh8+ Ke7 30. Qxc8 Bxc8 31. Rd1 Bc3+ 32. Ke2 Ba6+ 33. Kf3 f5 34. Rxd6 Kxd6 35. Rd1+ Ke5 36. Bc6 Bc4 37. Nf7+ Kf6 38. Nd6 Bxa2 39. Ne8+ Ke5 40. Rd3 Bd4 41. Ra3 Bc4 42. Ra5+ Bd5+ 43. Bxd5 exd5 44. Nc7 Bb6 45. Rxd5+ Kf6 46. Nb5 g5 47. Rd6+ Ke5 48. g4 fxg4+ 49. Kxg4 a6 50. Rxb6 axb5 51. Rxb5+ 1-0

[Event "Titled Tuesday intern op 04th Feb Early"]
[Site "Chess.com INT"]
[Date "2025.02.04"]
[Round "4"]
[White "Park, Sunwoo"]
[Black "Shapiro, Viktor"]
[Result "0-1"]
[WhiteElo "1862"]
[BlackElo "2074"]
[PlyCount "102"]
[EventDate "2025.02.04"]
[EventType "swiss (blitz)"]
[EventRounds "11"]
[EventCountry "USA"]
[SourceTitle "CB07_2025"]
[SourceDate "2025.02.12"]
[SourceVersion "1"]
[SourceVersionDate "2025.02.12"]
[SourceQuality "1"]

1. Nf3 Nf6 2. g3 c5 3. Bg2 Nc6 4. c4 g6 5. 0-0 Bg7 6. Nc3 0-0 7. b3 d5 8. cxd5 Nxd5 9. Bb2 Nb6 10. Rc1 c4 11. Na4 cxb3 12. Bxg7 Kxg7 13. Qxb3 Nxa4 14. Qxa4 f6 15. d4 Be6 16. e4 Bg4 17. d5 Bxf3 18. dxc6 Bxg2 19. Kxg2 bxc6 20. Rxc6 a5 21. Rd1 Qe8 22. Qc4 Rc8 23. Rc1 Rxc6 24. Qxc6 Qxc6 25. Rxc6 Ra8 26. Kf3 a4 27. a3 Rb8 28. Rc3 Rb3 29. Re3 e5 30. Ke2 Rb2+ 31. Kf3 Ra2 32. Rc3 h5 33. h3 g5 34. Ke3 Kg6 35. f4 Rh2 36. f5+ Kh6 37. Kf3 Rxh3 38. Kg2 g4 39. Rc6 Kg7 40. Rc7+ Kf8 41. Ra7 h4 42. gxh4 Rxa3 43. h5 Kg8 44. h6 Kh8 45. h7 Ra1 46. Kg3 a3 47. Kxg4 a2 48. Ra8+ Kxh7 49. Ra7+ Kh6 50. Ra8 Rg1+ 51. Kh4 a1Q 0-1

[Event "Titled Tuesday intern op 04th Feb Early"]
[Site "Chess.com INT"]
[Date "2025.02.04"]
[Round "6"]
[White "Shapiro, Viktor"]
[Black "Frischmann, Rick"]
[Result "1-0"]
[WhiteElo "2074"]
[BlackElo "2344"]
[PlyCount "105"]
[EventDate "2025.02.04"]
[EventType "swiss (blitz)"]
[EventRounds "11"]
[EventCountry "USA"]
[SourceTitle "CB07_2025"]
[SourceDate "2025.02.12"]
[SourceVersion "1"]
[SourceVersionDate "2025.02.12"]
[SourceQuality "1"]

1. Nf3 d5 2. g3 Nc6 3. Bg2 e5 4. d3 f5 5. 0-0 Nf6 6. c4 dxc4 7. dxc4 Qxd1 8. Rxd1 e4 9. Ne1 Bd7 10. Nc3 0-0-0 11. Bg5 Be7 12. Rac1 Be6 13. b3 h6 14. Be3 Ng4 15. Nc2 Nxe3 16. Nxe3 Bg5 17. Ncd5 Bxd5 18. cxd5 Bxe3 19. fxe3 Ne5 20. d6 c6 21. Rd5 Rhe8 22. b4 Kd7 23. Ra5 a6 24. Rf1 g6 25. h3 h5 26. Rc5 Kxd6 27. a4 b6 28. Rc3 c5 29. bxc5+ bxc5 30. Rd1+ Kc6 31. Rdc1 c4 32. g4 hxg4 33. hxg4 Rd2 34. gxf5 gxf5 35. Kf1 Rh8 36. R3c2 Rxc2 37. Rxc2 Kc5 38. Rb2 Ng4 39. Rb7 c3 40. Rc7+ Kb4 41. Rc6 c2 42. Ke1 Kb3 43. Rb6+ Ka2 44. Kd2 Nxe3 45. Rc6 Rd8+ 46. Kxe3 Kb2 47. Rb6+ Kc1 48. Rxa6 Kd1 49. Rc6 c1Q+ 50. Rxc1+ Kxc1 51. Kf4 Rd5 52. Bh3 Kd2 53. e3 1-0

[Event "Titled Tuesday intern op 04th Feb Late"]
[Site "Chess.com INT"]
[Date "2025.02.04"]
[Round "11"]
[White "Shapiro, Viktor"]
[Black "Gasparyan, Davit"]
[Result "0-1"]
[WhiteElo "2074"]
[BlackElo "2203"]
[PlyCount "44"]
[EventDate "2025.02.04"]
[EventType "swiss (blitz)"]
[EventRounds "11"]
[EventCountry "USA"]
[SourceTitle "CB07_2025"]
[SourceDate "2025.02.12"]
[SourceVersion "1"]
[SourceVersionDate "2025.02.12"]
[SourceQuality "1"]

1. c4 Nf6 2. Nc3 e5 3. g3 Nc6 4. Bg2 Bc5 5. e3 d6 6. Nge2 Bb6 7. h3 Be6 8. b3 d5 9. d3 dxc4 10. bxc4 Qd7 11. g4 h6 12. Ne4 0-0-0 13. c5 Ba5+ 14. Kf1 Qxd3 15. Qxd3 Rxd3 16. Bb2 Rhd8 17. Bf3 Nxe4 18. Bxe4 Rd1+ 19. Rxd1 Rxd1+ 20. Kg2 Rd2 21. Bxc6 bxc6 22. Bc3 Bd5+ 0-1

[Event "Titled Tuesday intern op 04th Feb Late"]
[Site "Chess.com INT"]
[Date "2025.02.04"]
[Round "7"]
[White "Shapiro, Viktor"]
[Black "Olsen, Filip Boe"]
[Result "0-1"]
[WhiteElo "2074"]
[BlackElo "2472"]
[PlyCount "134"]
[EventDate "2025.02.04"]
[EventType "swiss (blitz)"]
[EventRounds "11"]
[EventCountry "USA"]
[SourceTitle "CB07_2025"]
[SourceDate "2025.02.12"]
[SourceVersion "1"]
[SourceVersionDate "2025.02.12"]
[SourceQuality "1"]

1. c4 c5 2. Nc3 Nc6 3. g3 g6 4. Bg2 Bg7 5. Nf3 d6 6. 0-0 Nf6 7. d3 Bd7 8. a3 Rb8 9. Rb1 0-0 10. b4 b6 11. h3 e5 12. Bg5 h6 13. Bxf6 Bxf6 14. Nd5 Bg7 15. e3 f5 16. Nh4 Kh7 17. f4 Ne7 18. bxc5 dxc5 19. Kh2 Be6 20. e4 exf4 21. Nxf4 Bd7 22. Nd5 Nxd5 23. cxd5 fxe4 24. Bxe4 Be8 25. Rxf8 Bxf8 26. Qh5 Qg5 27. Qf3 Bg7 28. Rf1 Rd8 29. Qg2 Be5 30. Nf3 Qf6 31. Nd2 Qe7 32. Nc4 b5 33. Nxe5 Qxe5 34. Qf2 Qe7 35. Qf8 Qxf8 36. Rxf8 Kg7 37. Rf2 Bf7 38. Rc2 Bxd5 39. Rxc5 Bxe4 40. dxe4 Rd2+ 41. Kg1 a6 42. Rc7+ Kh8 43. Rc6 Rd3 44. Rxg6 Rxa3 45. Kf2 Kh7 46. Rb6 Ra4 47. Kf3 b4 48. Kf4 a5 49. Rb7+ Kg6 50. g4 Ra3 51. h4 b3 52. h5+ Kf6 53. e5+ Ke6 54. Rb6+ Ke7 55. Kf5 a4 56. Rb7+ Kd8 57. Ke6 Ra2 58. Rb8+ Kc7 59. Rb4 b2 60. Ke7 a3 61. e6 Ra1 62. Rc4+ Kb6 63. Rb4+ Kc5 64. Rb8 b1Q 65. Rxb1 Rxb1 66. Kd7 Re1 67. e7 a2 0-1

[Event "Titled Tuesday intern op 04th Feb Late"]
[Site "Chess.com INT"]
[Date "2025.02.04"]
[Round "6"]
[White "Shapiro, Viktor"]
[Black "Pakleza, Zbigniew"]
[Result "0-1"]
[WhiteElo "2074"]
[BlackElo "2485"]
[PlyCount "92"]
[EventDate "2025.02.04"]
[EventType "swiss (blitz)"]
[EventRounds "11"]
[EventCountry "USA"]
[SourceTitle "CB07_2025"]
[SourceDate "2025.02.12"]
[SourceVersion "1"]
[SourceVersionDate "2025.02.12"]
[SourceQuality "1"]

1. Nf3 d5 2. g3 Nf6 3. Bg2 Bf5 4. 0-0 e6 5. d3 Be7 6. Nbd2 c6 7. c4 h6 8. a3 a5 9. b3 0-0 10. Bb2 Nbd7 11. Bc3 Bh7 12. Qc1 Ne8 13. b4 Bf6 14. Qb2 Nd6 15. Rfd1 Re8 16. e4 Bxc3 17. Qxc3 dxe4 18. dxe4 Qc7 19. e5 Nc8 20. c5 Ne7 21. Nc4 Nd5 22. Qe1 axb4 23. Nd6 b3 24. Nxe8 Rxe8 25. Qd2 Nxc5 26. Rac1 Na4 27. Rc4 b5 28. Rg4 Bf5 29. Rh4 b2 30. Rxa4 bxa4 31. Qxb2 Rb8 32. Qc1 Rb1 33. Qd2 Qb6 34. Nd4 Rb2 35. Qe1 Bg4 36. Bf3 Bxf3 37. Nxf3 c5 38. Nd2 Qb5 39. Ne4 Re2 40. Qf1 Qb2 41. Nxc5 Nc3 42. Rd8+ Kh7 43. Nd7 h5 44. Qh3 Qb1+ 45. Kg2 Qe4+ 46. Kg1 Re1+ 0-1

[Event "Titled Tuesday intern op 04th Feb Late"]
[Site "Chess.com INT"]
[Date "2025.02.04"]
[Round "10"]
[White "Shapiro, Viktor"]
[Black "Vlassov, Nikolai"]
[Result "1-0"]
[WhiteElo "2074"]
[BlackElo "2291"]
[PlyCount "89"]
[EventDate "2025.02.04"]
[EventType "swiss (blitz)"]
[EventRounds "11"]
[EventCountry "USA"]
[SourceTitle "CB07_2025"]
[SourceDate "2025.02.12"]
[SourceVersion "1"]
[SourceVersionDate "2025.02.12"]
[SourceQuality "1"]

1. c4 e5 2. Nc3 Nf6 3. g3 c6 4. Bg2 d5 5. cxd5 cxd5 6. Qb3 d4 7. Bxb7 Bxb7 8. Qxb7 Nbd7 9. Nd5 Nxd5 10. Qxd5 Rc8 11. Nf3 Rc5 12. Qb3 Bd6 13. 0-0 0-0 14. d3 Qc7 15. Nd2 Rb8 16. Qd1 f5 17. Nc4 Nb6 18. b3 Rc6 19. Bd2 Nd5 20. Rc1 Bb4 21. e3 Bc3 22. exd4 Bxd4 23. Qf3 Ne7 24. Bg5 Ng6 25. Qxf5 Rf8 26. Qe4 Qd7 27. Be3 Rcf6 28. Bxd4 exd4 29. Rce1 h5 30. f4 h4 31. Qg2 hxg3 32. hxg3 Qg4 33. Re4 Rf5 34. Rxd4 Re8 35. Re4 Rd8 36. Ne3 Qh5 37. Nxf5 Qxf5 38. Qf3 Qc5+ 39. Kg2 Ne7 40. b4 Qd6 41. Rfe1 Nf5 42. Re8+ Rxe8 43. Rxe8+ Kf7 44. Qe4 g6 45. Re5 1-0

[Event "Titled Tuesday intern op 28th Jan Early"]
[Site "Chess.com INT"]
[Date "2025.01.28"]
[Round "11"]
[White "Kim, Noah"]
[Black "Shapiro, Viktor"]
[Result "0-1"]
[WhiteElo "2080"]
[BlackElo "2074"]
[PlyCount "132"]
[EventDate "2025.01.28"]
[EventType "swiss (blitz)"]
[EventRounds "11"]
[EventCountry "USA"]
[SourceTitle "CB06_2025"]
[SourceDate "2025.02.05"]
[SourceVersion "1"]
[SourceVersionDate "2025.02.05"]
[SourceQuality "1"]

1. d4 Nf6 2. Nc3 d5 3. Bf4 e6 4. Nb5 Na6 5. e3 c6 6. Nc3 Nc7 7. Nf3 Bd6 8. Ne5 0-0 9. Bd3 c5 10. dxc5 Bxc5 11. 0-0 Nce8 12. Qe2 Be7 13. Rfd1 Qa5 14. e4 dxe4 15. Nxe4 Nxe4 16. Bxe4 Nf6 17. Bf3 Rd8 18. Rxd8+ Qxd8 19. c4 Qe8 20. b3 a5 21. a4 Ra6 22. Rd1 Rd6 23. Rd3 Rxd3 24. Qxd3 Qd8 25. Kf1 Qxd3+ 26. Nxd3 Bd8 27. Ke2 Nd7 28. Bd6 f6 29. Kd2 Kf7 30. Kc3 Bb6 31. c5 Bd8 32. g3 Be7 33. Bxe7 Kxe7 34. Kd4 Kd8 35. Nb2 e5+ 36. Kc4 Kc7 37. Bd5 Nb8 38. Nd1 Bd7 39. Nc3 Na6 40. Bg8 h6 41. Nd5+ Kd8 42. Nb6 Bc6 43. Bd5 Kc7 44. Be6 Nb4 45. f4 exf4 46. gxf4 g5 47. fxg5 fxg5 48. Nd5+ Bxd5+ 49. Bxd5 h5 50. Be6 h4 51. Kd4 Kc6 52. Bf7 g4 53. Be8+ Kc7 54. Ke4 g3 55. hxg3 hxg3 56. Kf3 Nd3 57. Kxg3 Nxc5 58. Bf7 Kd6 59. Kf3 Ke5 60. Ke3 Na6 61. Kd3 Kd6 62. Kc4 Nc5 63. Kb5 Nd3 64. Kxa5 Kc5 65. Bc4 Nb4 66. Bg8 Nc6# 0-1

[Event "Titled Tuesday intern op 28th Jan Early"]
[Site "Chess.com INT"]
[Date "2025.01.28"]
[Round "3"]
[White "Shapiro, Viktor"]
[Black "Aliyev, Ravan"]
[Result "0-1"]
[WhiteElo "2074"]
[BlackElo "2365"]
[PlyCount "90"]
[EventDate "2025.01.28"]
[EventType "swiss (blitz)"]
[EventRounds "11"]
[EventCountry "USA"]
[SourceTitle "CB06_2025"]
[SourceDate "2025.02.05"]
[SourceVersion "1"]
[SourceVersionDate "2025.02.05"]
[SourceQuality "1"]

1. c4 c6 2. Nc3 d5 3. d4 Nf6 4. Nf3 e6 5. Bg5 Nbd7 6. e3 h6 7. Bh4 g5 8. Bg3 Nh5 9. Be5 Nxe5 10. Nxe5 Nf6 11. h4 Bg7 12. hxg5 hxg5 13. Rxh8+ Bxh8 14. Qc2 Qe7 15. 0-0-0 Bd7 16. f4 gxf4 17. exf4 0-0-0 18. g4 Kb8 19. g5 Ne8 20. Qh7 Nd6 21. c5 Bxe5 22. fxe5 Nf5 23. g6 Qg5+ 24. Kb1 Qxg6 25. Qxg6 fxg6 26. Bh3 Rh8 27. Bxf5 exf5 28. Rg1 f4 29. Kc1 Bf5 30. Ne2 Rh4 31. Kd2 f3 32. Ng3 Rxd4+ 33. Ke3 Rd3+ 34. Kf4 Bh3 35. Nh1 Bg2 36. e6 Kc7 37. Ke5 Re3+ 38. Kf6 Bh3 39. e7 Kd7 40. Nf2 Re6+ 41. Kf7 Bf5 42. Kf8 Rxe7 43. Rh1 Re8+ 44. Kf7 Re2 45. Nd1 f2 0-1

[Event "Titled Tuesday intern op 28th Jan Early"]
[Site "Chess.com INT"]
[Date "2025.01.28"]
[Round "1"]
[White "Shapiro, Viktor"]
[Black "Cieslak, Patryk"]
[Result "0-1"]
[WhiteElo "2074"]
[BlackElo "2405"]
[PlyCount "128"]
[EventDate "2025.01.28"]
[EventType "swiss (blitz)"]
[EventRounds "11"]
[EventCountry "USA"]
[SourceTitle "CB06_2025"]
[SourceDate "2025.02.05"]
[SourceVersion "1"]
[SourceVersionDate "2025.02.05"]
[SourceQuality "1"]

1. c4 e6 2. g3 Nf6 3. Bg2 a6 4. Nf3 b5 5. b3 Bb7 6. 0-0 c5 7. Nc3 b4 8. Na4 Be7 9. d4 cxd4 10. Nxd4 Bxg2 11. Kxg2 0-0 12. Bb2 Qc8 13. Rc1 Qb7+ 14. f3 d6 15. e4 Nbd7 16. Qe2 Nc5 17. Nxc5 dxc5 18. Nc2 a5 19. Ne3 a4 20. Rfd1 Ne8 21. e5 h5 22. Qc2 g6 23. Rd3 Bg5 24. Rcd1 Bxe3 25. Rxe3 Ng7 26. Red3 Nf5 27. Qf2 axb3 28. axb3 Ra2 29. R1d2 Rc8 30. h3 Qa8 31. g4 Ng7 32. Qh4 Kh7 33. Qe7 Ra7 34. Rd7 Rxd7 35. Rxd7 Qa2 36. Rd2 Kg8 37. Kg3 Qxb3 38. Rd7 Rf8 39. Rd8 Rxd8 40. Qxd8+ Kh7 41. Bc1 Qxc4 42. Qg5 Qd4 43. Be3 Qd5 44. Qf4 Kg8 45. Qf6 h4+ 46. Kxh4 Qd7 47. Bh6 Ne8 48. Qf4 b3 49. Qc1 Qd5 50. Qb2 Ng7 51. Kg3 Qc4 52. Qd2 Kh7 53. Bg5 Qd4 54. Qc1 b2 55. Qc2 Qxe5+ 56. Bf4 Qd4 57. Kg2 e5 58. Bd2 Ne6 59. Bc3 Nf4+ 60. Kg3 Qg1+ 61. Kh4 Ne6 62. Qxb2 Qe3 63. Bxe5 g5+ 64. Kh5 Qd3 0-1

[Event "Titled Tuesday intern op 21st Jan Late"]
[Site "Chess.com INT"]
[Date "2025.01.21"]
[Round "8"]
[White "Crispin Ferreras, Darvi Abraham"]
[Black "Shapiro, Viktor"]
[Result "1-0"]
[WhiteElo "2134"]
[BlackElo "2074"]
[PlyCount "41"]
[EventDate "2025.01.21"]
[EventType "swiss (blitz)"]
[EventRounds "11"]
[EventCountry "USA"]
[SourceTitle "CB05_2025"]
[SourceDate "2025.01.29"]
[SourceVersion "1"]
[SourceVersionDate "2025.01.29"]
[SourceQuality "1"]

1. d4 Nf6 2. c4 e6 3. Nf3 c5 4. d5 exd5 5. cxd5 d6 6. Nc3 g6 7. e4 Bg7 8. Bb5+ Nbd7 9. 0-0 0-0 10. a4 a6 11. Bd3 Re8 12. h3 c4 13. Bc2 Nc5 14. Re1 Rb8 15. Bf4 Nh5 16. Bh2 b5 17. axb5 axb5 18. Nd4 Nd3 19. Nc6 Nxb2 20. Qc1 Qg5 21. Qxg5 1-0

[Event "Titled Tuesday intern op 21st Jan Late"]
[Site "Chess.com INT"]
[Date "2025.01.21"]
[Round "3"]
[White "Zakhartsov, Vladimir"]
[Black "Shapiro, Viktor"]
[Result "1-0"]
[WhiteElo "2481"]
[BlackElo "2074"]
[PlyCount "73"]
[EventDate "2025.01.21"]
[EventType "swiss (blitz)"]
[EventRounds "11"]
[EventCountry "USA"]
[SourceTitle "CB05_2025"]
[SourceDate "2025.01.29"]
[SourceVersion "1"]
[SourceVersionDate "2025.01.29"]
[SourceQuality "1"]

1. d4 Nf6 2. c4 c5 3. d5 e6 4. Nc3 exd5 5. cxd5 d6 6. e4 g6 7. f4 Bg7 8. Bb5+ Nfd7 9. a4 0-0 10. Nf3 Na6 11. 0-0 Nb4 12. Re1 a6 13. Bf1 Re8 14. h3 c4 15. Bxc4 Nc5 16. Kh2 Rb8 17. a5 b5 18. Bf1 f5 19. e5 Ne4 20. Nxe4 fxe4 21. Rxe4 dxe5 22. Rxb4 e4 23. Ne5 Rxe5 24. fxe5 Bxe5+ 25. Kh1 Qh4 26. Be3 Bd6 27. Rd4 Bf5 28. Bg1 Qg3 29. Qe1 Qe5 30. g4 Bd7 31. Qxe4 Qg3 32. Qg2 Qe5 33. Re4 Qf6 34. Bd4 Qf7 35. Be5 Bxe5 36. Rxe5 Rf8 37. Rae1 1-0

[Event "Titled Tuesday intern op 14th Jan Early"]
[Site "Chess.com INT"]
[Date "2025.01.14"]
[Round "1"]
[White "Bastos Seixas, Pedro Lucas"]
[Black "Shapiro, Viktor"]
[Result "0-1"]
[WhiteElo "2047"]
[BlackElo "2074"]
[PlyCount "62"]
[EventDate "2025.01.14"]
[EventType "swiss (blitz)"]
[EventRounds "11"]
[EventCountry "USA"]
[SourceTitle "CB04_2025"]
[SourceDate "2025.01.22"]
[SourceVersion "1"]
[SourceVersionDate "2025.01.22"]
[SourceQuality "1"]

1. d4 Nf6 2. c4 e6 3. Nc3 c5 4. Nf3 cxd4 5. Nxd4 Nc6 6. Nc2 d6 7. e4 a6 8. Be2 Bd7 9. 0-0 Rc8 10. Be3 Ne5 11. b3 b5 12. f4 Ng6 13. f5 Ne5 14. Rc1 bxc4 15. bxc4 Nxc4 16. Bxc4 Rxc4 17. fxe6 fxe6 18. Nd4 Qc7 19. Qb3 Be7 20. e5 dxe5 21. Ne4 Rxc1 22. Rxc1 Qa5 23. Nxf6+ Bxf6 24. Nxe6 Qa4 25. Nc7+ Kd8 26. Qb8+ Ke7 27. Bc5+ Kf7 28. Qxh8 Qf4 29. Qf8+ Kg6 30. Rf1 Qc4 31. Be3 Qxc7 0-1

[Event "Titled Tuesday intern op 14th Jan Early"]
[Site "Chess.com INT"]
[Date "2025.01.14"]
[Round "10"]
[White "Rastbod, Ali"]
[Black "Shapiro, Viktor"]
[Result "1-0"]
[WhiteElo "2269"]
[BlackElo "2074"]
[PlyCount "143"]
[EventDate "2025.01.14"]
[EventType "swiss (blitz)"]
[EventRounds "11"]
[EventCountry "USA"]
[SourceTitle "CB04_2025"]
[SourceDate "2025.01.22"]
[SourceVersion "1"]
[SourceVersionDate "2025.01.22"]
[SourceQuality "1"]

1. e4 Nf6 2. e5 Nd5 3. d4 d6 4. c4 Nb6 5. exd6 cxd6 6. Nc3 g6 7. h3 Bg7 8. Nf3 0-0 9. Be2 e5 10. Be3 Nc6 11. 0-0 h6 12. d5 Ne7 13. c5 dxc5 14. Bxc5 Nd7 15. Ba3 Re8 16. Nb5 Nf5 17. Rc1 e4 18. Nfd4 Nxd4 19. Nxd4 Ne5 20. Nb5 Qg5 21. Kh1 Qh4 22. Rxc8 Raxc8 23. Nd6 Nf3 24. Nxe8 Rxe8 25. Bxf3 exf3 26. Qxf3 Qc4 27. Rd1 Qxa2 28. d6 Rd8 29. d7 Qe6 30. Qxb7 Qe2 31. Qf3 Qb5 32. Qd5 Qxd5 33. Rxd5 Bf8 34. g4 Bxa3 35. bxa3 Kf8 36. Kg2 Ke7 37. Ra5 Rxd7 38. h4 Kf6 39. Kf3 Rb7 40. Ra6+ Kg7 41. Kg3 Rc7 42. f3 Rb7 43. Kf4 Rc7 44. Ke4 Re7+ 45. Kd4 Rd7+ 46. Kc4 Rc7+ 47. Kd3 Rd7+ 48. Ke2 Re7+ 49. Kf2 Rb7 50. Ra4 f6 51. Rb4 Rc7 52. a4 h5 53. gxh5 gxh5 54. Rb5 Kg6 55. Kg3 Rc4 56. Ra5 Rc7 57. Ra6 Rb7 58. Rc6 Rb4 59. a5 Ra4 60. a6 Ra3 61. Kf4 Ra4+ 62. Ke3 Rxh4 63. Rc7 Ra4 64. Rxa7 h4 65. Ra8 Kf5 66. Rh8 Ra3+ 67. Kf2 Kg5 68. Rg8+ Kf5 69. Rh8 Rxa6 70. Rxh4 Ra2+ 71. Kg3 Ra5 72. Rh5+ 1-0

[Event "Titled Tuesday intern op 14th Jan Early"]
[Site "Chess.com INT"]
[Date "2025.01.14"]
[Round "11"]
[White "Shapiro, Viktor"]
[Black "Pourkashiyan, Atousa"]
[Result "0-1"]
[WhiteElo "2074"]
[BlackElo "2297"]
[PlyCount "66"]
[EventDate "2025.01.14"]
[EventType "swiss (blitz)"]
[EventRounds "11"]
[EventCountry "USA"]
[SourceTitle "CB04_2025"]
[SourceDate "2025.01.22"]
[SourceVersion "1"]
[SourceVersionDate "2025.01.22"]
[SourceQuality "1"]

1. c4 e6 2. g3 d5 3. Bg2 Nf6 4. Nf3 dxc4 5. Qa4+ Nbd7 6. Qxc4 c5 7. 0-0 a6 8. Qc2 Rb8 9. b3 b5 10. Bb2 Bb7 11. Nc3 Be7 12. Rac1 0-0 13. Rfd1 Qb6 14. d3 Rfd8 15. Qb1 h6 16. h3 Nd5 17. Ne4 N7f6 18. Ne5 Nxe4 19. Bxe4 Nf6 20. Bxb7 Qxb7 21. d4 Rbc8 22. dxc5 Rxd1+ 23. Rxd1 Bxc5 24. Qd3 Ne4 25. e3 Bb6 26. Qd7 Qxd7 27. Rxd7 Rc2 28. Bd4 Bxd4 29. exd4 Nxf2 30. Nxf7 Nxh3+ 31. Kh1 Rxa2 32. Nd8 Ng5 33. b4 Nf3 0-1